| 000 | 00566nam a22001937a 4500 | ||
|---|---|---|---|
| 008 | 150601b xxu||||| |||| 00| 0 eng d | ||
| 020 | _a0030776090 | ||
| 041 | 0 | _aeng | |
| 080 | _a336 | ||
| 100 | 1 | _aBrigham, Eugene F., | |
| 245 | 1 | 0 |
_aFundamentals of financial management / _cEugene F. Brigham, Joel F. Houston. |
| 250 | _a9th ed. | ||
| 260 |
_aFort Worth, TX : _bHarcourt College Publishers, _cc2000. |
||
| 300 |
_a1 v. (various pagings) : _bme il.; _c26 cm. |
||
| 505 | _aIndex: f.I1-I13 | ||
| 650 | 0 | _aFinancë | |
| 700 | 1 | _aHouston, Joel F. | |
| 942 |
_2udc _cBK |
||
| 999 |
_c953 _d953 |
||